000 00441nam a22001817a 4500
005 20260402110001.0
008 260402b |||||||| |||| 00| 0 eng d
020 _a9789351454885
041 _aEnglish
082 _a342.54 SIN
100 _aSingh, M.P
245 _aV. N. Shukla's Constitution of India
250 _a13th.
260 _aNew Delhi:
_bE.B.C
_c2017.
300 _a1254 p.
650 _a Constitution of India
942 _cDB
999 _c9578
_d9578